UBT Library

EVOLUTIONARY BIOLOGY (Record no. 58866)

000 -LEADER
fixed length control field 00310nam a22001457a 4500
008 - FIXED-LENGTH DATA ELEMENTS--GENERAL INFORMATION
fixed length control field 221111b ||||| |||| 00| 0 eng d
020 ## - INTERNATIONAL STANDARD BOOK NUMBER
International Standard Book Number 0262690845
041 ## - LANGUAGE CODE
Language code of text/sound track or separate title eng
080 ## - UNIVERSAL DECIMAL CLASSIFICATION NUMBER
Universal Decimal Classification number 573
082 ## - DEWEY DECIMAL CLASSIFICATION NUMBER
Classification number 573 SOB
100 ## - Rafti
Rafti 16.1
101 ## - Shkurtesa
Shkurtesa BIO
245 ## - TITLE STATEMENT
Title EVOLUTIONARY BIOLOGY
Statement of responsibility, etc SOBER E
942 ## - ADDED ENTRY ELEMENTS (KOHA)
Source of classification or shelving scheme
Item type Books
Holdings
Withdrawn status Lost status Source of classification or shelving scheme Damaged status Not for loan Collection code Permanent location Current location Date acquired Total Checkouts Full call number Barcode Date last seen Price effective from Koha item type
          Koleksioni i përgjithshem UBT - Lipjan UBT - Lipjan 11/11/2022   573 SOB 002-800028700260623 11/11/2022 11/11/2022 Books
UBT Library © 2015-2024. All rights reserved University Education for Business and Technology